Fleshwater Discography - Statistics

General Stats
  • This quiz has been taken 5 times
  • The average score is 9 of 21
Answer Stats
We're Not Here to Be Loved % Correct
Closet
100%
closet (acoustic)
100%
Kiss the Ladder
100%
The Razor's Apple
100%
Woohoo
100%
woohoo ("what if" mix)
100%
Backstairs Breathing
50%
Baldpate Driver
50%
Enjoy
50%
Standalone
50%
This, If Anything
50%
What Was Really Said
50%
Foreign
0%
i'm not here
0%
Linda Claire
0%
Linda Claire
0%
linda claire (mirsy mix)
0%
save these memories
0%
the sound of grieving
0%
what the f#%! was said
0%
What The F#%! Was Said - Live
0%
No matching quizzes found
Score Distribution
Percent of People with Each Score
Percentile by Number Answered
Your Score History
You have not taken this quiz